000 00540nam a2200217Ia 4500
003 OSt
005 20220918192544.0
006 a|||||r|||| 00| 0
007 ta
008 220917b |||||||| |||| 00| 0 eng d
024 _a68,973
037 _cTextual
040 _aARTS
_cARTS
_beng
041 _2eng
_aeng
082 _aR3:G, G9
100 _aWheeler L Richmond
_979420
245 0 _aVitalism its history and validity
260 _c1939
942 _hR3:G, G9
_cTEXL
_2CC
999 _c195136
_d195136